Mots de liaisons/connecteurs logiques - Allemand - Statistiques

Statistiques générales
  • Ce quiz a été pris 57 fois
  • Le résultat moyen est 5 sur 14
Statistiques - réponses
Français Allemand % Correct
Parce que Weil
93%
Quand/Si Wenn
91%
Comme/étant donné que Da
67%
Que Dass
47%
Lorsque Als
40%
Bien que Obwohl, Obgleich
40%
Après que Nach dem
28%
Depuis que Seitdem
23%
Avant que Bevor
16%
Pour que Damit
14%
En In dem
12%
Dès que Sobald
7%
Tant que Solange
5%
Dans la mesure où Insofern als
0%
Aucun quiz correspondant
Distribution des résultats
% des personnes avec chaque résultat
Percentile par nombre de réponses
Votre historique - résultats
Vous n’avez pas pris ce quiz